Music Quiz

Random Music or Rock Quiz
Score 0/23 Timer 05:00
3 Plays Today
% Correct
Queen
93.4%
Eagles
87.7%
Bon Jovi
87.4%
Guns N' Roses
83.7%
U2
83.6%
Van Halen
80.3%
Dire Straits
80.3%
Led Zeppelin
80.2%
Pink Floyd
80.1%
Metallica
77.3%
Nirvana
74%
Kiss
73.4%
% Correct
Ozzy Osbourne
71.2%
Cream
70.3%
Rush
69%
Foo Fighters
68.7%
Tool
66.6%
Soundgarden
60%
Iron Maiden
59%
Judas Priest
58.1%
Hole
58%
Weezer
57.6%
Alice in Chains
52.7%
Remove Ads.
Support Sporcle.
Get the best of Sporcle when you Go Orange. This ad-free experience offers more features, more stats, and more fun while also helping to support Sporcle. Thank you for becoming a member.

You're not logged in!

Compare scores with friends on all Sporcle quizzes.
OR
Log In

Show Comments

Extras

Top Quizzes Today


Score Distribution

Your Account Isn't Verified!

In order to create a playlist on Sporcle, you need to verify the email address you used during registration. Go to your Sporcle Settings to finish the process.

Report this User

Report this user for behavior that violates our Community Guidelines.

Details: